| 000 | 00339nam a22001337a 4500 | ||
|---|---|---|---|
| 020 | _a0-8247-1249-8 | ||
| 082 | _a363.11 BRO'L | ||
| 100 |
_aBROWNING, R. L _975314 |
||
| 245 | _aTHE LOSS RATE CONCEPT IN SAFETY ENGINEERING | ||
| 260 |
_aNEWYORK _bMARCEL DEKKER _c1980 |
||
| 300 | _a162P | ||
| 650 |
_aINDUSTRIAL SAFETY _94131 |
||
| 942 | _cBK | ||
| 999 |
_c580754 _d580754 |
||